000 00493nam a2200181Ia 4500
999 _c32825
_d32825
003 OSt
005 20200904110616.0
008 190216s9999||||xx |||||||||||||| ||und||
040 _coclc
082 _a530.12
_bSCH/Q
100 _aSchiff, Leonard I
_94432
245 0 _aQuantum Mechanics /
_cLeonard I Schiff
250 _a3rd Ed.
260 _bMcgraw -hill,
_c1968.
_aTokyo:
300 _a544p
650 _aPhysics
942 _cBK
_2ddc
_h530.12
_iSCH/Q
_k530.12
_mSCH/Q